[Event "ECC"]
[Site "Halkidiki GRE"]
[Date "2002.09.26"]
[Round "5"]
[White "Gretarsson,A"]
[Black "Flower,D"]
[Result "1-0"]
[WhiteElo "2313"]
[BlackElo "2108"]

1.e4 d6 2.d4 Nf6 3.Nc3 e5 4.dxe5 dxe5 5.Qxd8+ Kxd8 6.Bc4 Be6 7.Bxe6 fxe6
8.Be3 Bd6 9.O-O-O Ke7 10.Nf3 Nc6 11.a3 a6 12.Nd2 h6 13.f3 Raf8 14.Ne2 Nd7
15.b4 b6 16.Kb2 Rf7 17.Nc4 Nd8 18.Rd3 Nb7 19.Rc3 b5 20.Nxd6 Nxd6 21.Bc5 Nxc5
22.Rxc5 Kf6 23.Kb3 Ra8 24.f4 Nxe4 25.fxe5+ Kg6 26.Rc6 Nd2+ 27.Kc3 Nc4 28.Nd4 Kh7
29.Rxe6 Rd7 30.a4 Rad8 31.Nc6 Rf8 32.axb5 axb5 33.Nd4 Ne3 34.Nxb5 Nxg2 35.Rc6 Rf3+
36.Kb2 Rd5 37.Nxc7 Rxe5 38.Ne6 Rf6 39.Nd4 Rf4 40.c3 Ne3 41.Kb3 Nf1 42.b5 Nd2+
43.Kb4 Nf3 44.Rd6 Nxd4 45.Rxd4 Rf2 46.c4 Rb2+ 47.Ka5 Re6 48.h4 Ra2+ 49.Kb4 h5
50.Rb1 g5 51.hxg5 Kg6 52.c5 Ra8 53.b6 Rb8 54.Kb5 Re5 55.Kc4 Re2 56.c6 Kxg5
57.c7 Rc2+ 58.Kd3  1-0

[Event "ECC"]
[Site "Halkidiki GRE"]
[Date "2002.09.27"]
[Round "6"]
[White "Malakhov,V"]
[Black "Damljanovic,B"]
[Result "1/2-1/2"]
[WhiteElo "2668"]
[BlackElo "2535"]

1.e4 d6 2.d4 Nf6 3.Nc3 e5 4.dxe5 dxe5 5.Qxd8+ Kxd8 6.Bg5 c6 7.O-O-O+ Nd7
8.Nf3 Ke8 9.Bh4 Bc5 10.Bc4 Bb6 11.Rd2 Bc7 12.Rhd1 Ke7 13.a3 h6 14.b4 Re8
15.Ne1 Nb6 16.Bb3 g5 17.Bg3 Nh5 18.Nd3 f6 19.Nc5 Rd8 20.Rxd8 Bxd8 21.f3 a5
22.Bf2 axb4 23.axb4 Ra1+ 24.Nb1 Nf4 25.g3 Nh3 26.Be3 Bc7 27.Kb2 Ra8 28.Nc3 h5
29.Ne2 Rb8 30.Ng1 Nxg1 31.Bxg1 g4 32.fxg4 Bxg4 33.Re1 Nc8 34.Na4 Nd6 35.c4 Ra8
36.Bc5 Ke8 37.Nc3 Nf7 38.Rf1 Bd8 39.Be3 Be7 40.c5 Nd8 41.Rh1 b6 42.h3 Be6
43.cxb6 Bxb4 44.Na4 Ra5 45.Kc2 Bxb3+ 46.Kxb3 Rb5 47.Kc2 Nb7 48.g4 hxg4 49.hxg4 Nd6
50.Rh8+ Kd7 51.Rh7+ Ke6 52.Rc7 Nxe4 53.Rxc6+ Kd5 54.Rc7 Nd6 55.Bf2 Ne4 56.Be3 Bd6
57.Rg7 Ra5 58.Ra7 Rb5 59.Rf7 Rb4 60.Nc3+ Nxc3 61.Kxc3 Rxg4 62.Rxf6  1/2-1/2

[Event "ECC"]
[Site "Halkidiki GRE"]
[Date "2002.09.27"]
[Round "6"]
[White "Romero Holmes,A"]
[Black "Solak,D"]
[Result "1-0"]
[WhiteElo "2524"]
[BlackElo "2515"]

1.d4 d6 2.e4 Nf6 3.Nc3 e5 4.dxe5 dxe5 5.Qxd8+ Kxd8 6.Bc4 Bb4 7.Nf3 Nc6 8.Bxf7 Nxe4
9.O-O Ke7 10.Nxe4 Kxf7 11.c3 Be7 12.Bg5 Bf6 13.Nh4 Re8 14.Bxf6 gxf6 15.f4 Kg7
16.Ng3 exf4 17.Rxf4 Re5 18.Ne4 Be6 19.Nxf6 Rf8 20.Raf1 Bxa2 21.Nh5+ Rxh5
22.Rg4+  1-0

[Event "1st Masters"]
[Site "Villeurbanne FRA"]
[Date "2002.09.29"]
[Round "9"]
[White "Bolding,K"]
[Black "Mensch,E"]
[Result "1/2-1/2"]
[WhiteElo "2373"]
[BlackElo "2353"]

1.e4 d6 2.d4 Nf6 3.Nc3 Nbd7 4.Nf3 e5 5.Bc4 Be7 6.O-O O-O 7.Re1 c6 8.a4 b6
9.Bf1 a6 10.b3 Re8 11.Bb2 Qc7 12.Qd2 Nf8 13.Na2 Ng6 14.c4 Bg4 15.Qc3 Bf8
16.h3 Bc8 17.Rad1 Bb7 18.Qc2 Rad8 19.Nc3 Qb8 20.d5 c5 21.Ne2 Nh5 22.Bc1  1/2-1/2

[Event "EuYCh B18"]
[Site "Peniscola ESP"]
[Date "2002.09.30"]
[Round "2"]
[White "Zhigalko,A"]
[Black "Papa,S"]
[Result "1-0"]
[WhiteElo "2421"]
[BlackElo "2275"]

1.e4 d6 2.d4 Nf6 3.Nc3 e5 4.Nf3 Nbd7 5.Bc4 Be7 6.O-O O-O 7.Re1 c6 8.a4 a5
9.h3 exd4 10.Qxd4 Nc5 11.Ba2 Be6 12.Bxe6 Nxe6 13.Qc4 Qc7 14.Ng5 Nc5 15.Bf4 Nfd7
16.Rad1 Ne5 17.Qe2 Rad8 18.Nf3 Nxf3+ 19.Qxf3 Bf6 20.b3 Rfe8 21.Nb1 Re6 22.Nd2 Rde8
23.Qg3 Qe7 24.Be3 Bh4 25.Qf4 Nxe4 26.Nxe4 Rxe4 27.Qf3 d5 28.Bd2 Qc5 29.Rxe4 dxe4
30.Qf4 Qxc2 31.Rc1 Qd3 32.Bxa5 Bf6 33.Qe3 Qd5 34.Bb6 Re6 35.Rc4 Qd1+ 36.Kh2 Be5+
37.g3 f5 38.Bd4 f4 39.gxf4 Rg6 40.Rc1 Qxd4 41.fxe5 Qxe5+ 42.Kh1 Qh5 43.Re1 Rf6
44.Kg2 Qh4 45.Re2 Rf3 46.Qd4 Qxh3+ 47.Kg1 Qg4+ 48.Kf1 Rd3 49.Qc4+ Kh8 50.Qxd3  1-0

[Event "ch-PER"]
[Site "Lima PER"]
[Date "2002.10.02"]
[Round "3"]
[White "Nina,M"]
[Black "Belli,M"]
[Result "0-1"]
[WhiteElo "2238"]
[BlackElo "2401"]

1.e4 d6 2.d4 Nf6 3.Nc3 c6 4.f3 e5 5.dxe5 dxe5 6.Qxd8+ Kxd8 7.Bc4 Ke8 8.a4 Bb4
9.Ne2 Nbd7 10.Be3 a5 11.Kf2 Bc5 12.Nd1 Ke7 13.Nc1 Rd8 14.Nd3 Ba7 15.Bxa7 Rxa7
16.Ne3 g6 17.Rhd1 Rf8 18.Rd2 Ne8 19.Ng4 f6 20.Rad1 Nc7 21.Ne3 Na6 22.Bxa6 Rxa6
23.Nc4 Ra8 24.Nc1 Ra7 25.Nb3 b6 26.Rd6 Rc7 27.Ne3 Nb8 28.c4 Be6 29.Ke2 Rd7
30.Rxd7+ Nxd7 31.Kd3 f5 32.exf5 gxf5 33.Kc3 Rg8 34.Rd2 h5 35.Nc2 h4 36.Ne1 c5
37.Re2 Kf6 38.Nd3 Re8 39.Na1 Bf7 40.Nc2 Nb8 41.Na3 Nc6 42.Nb5 Rd8 43.b3 Rd7
44.g3 Bh5 45.Rf2 Bg6 46.Ne1 hxg3 47.hxg3 Rd1 48.Nc2 f4 49.gxf4 exf4 50.Nc7 Rd3+
51.Kb2 Bf7 52.Nb5 Ne5 53.Nc3 Rxf3 54.Ne4+ Kf5 55.Nd6+ Ke6 56.Rxf3 Nxf3 57.Nc8 Kd7
58.Nxb6+ Kc7 59.Nd5+ Bxd5 60.cxd5 Kd6 61.Na3 Kxd5  0-1

[Event "Autumn III"]
[Site "Alushta UKR"]
[Date "2002.10.04"]
[Round "10"]
[White "Pisakov,I"]
[Black "Belikov,V"]
[Result "1/2-1/2"]
[WhiteElo "2260"]
[BlackElo "2487"]

1.e4 d6 2.d4 Nf6 3.Nc3 c6 4.Nf3 Bg4 5.h3 Bh5 6.Qe2 e6 7.g4 Bg6 8.h4 h5 9.g5 Nfd7
10.Bh3 Be7 11.Nd2 d5 12.f3 Nb6 13.Qf2 Na6 14.Nb3 Bb4 15.O-O O-O 16.Ne2 dxe4
17.Nf4 exf3 18.Qxf3 Bxc2 19.Nxe6 Qd5 20.Nxf8 Rxf8  1/2-1/2

[Event "FSGM Oct"]
[Site "Budapest HUN"]
[Date "2002.10.05"]
[Round "1"]
[White "Szieberth,A"]
[Black "Kallio,H"]
[Result "0-1"]
[WhiteElo "2371"]
[BlackElo "2471"]

1.e4 d6 2.d4 Nf6 3.Nc3 e5 4.Nf3 Nbd7 5.Bc4 Be7 6.O-O O-O 7.Re1 c6 8.a4 Qc7
9.Ba2 b6 10.h3 Bb7 11.Bg5 a6 12.d5 c5 13.Bc4 Qd8 14.Qd3 Ne8 15.Bd2 Nc7 16.Ra3 Bc8
17.Rb3 Rb8 18.Kh2 Re8 19.Qf1 Nf8 20.Bd3 h6 21.Nd1 Bd7 22.Ra3 b5 23.axb5 axb5
24.b3 b4 25.Ra1 Ng6 26.g3 Rf8 27.Ne3 Bf6 28.Nc4 Nb5 29.Ra6 Be7 30.Ne3 Re8
31.Rea1 Bf8 32.Nc4 Nc7 33.R6a5 Nxd5 34.exd5 e4 35.Be2 exf3 36.Bxf3 Ne5 37.Nxe5 Rxe5
38.Bf4 Re8 39.Qd3 Qf6 40.Bg4 Bxg4 41.hxg4 g5 42.Be3 Qf3 43.Qd1 Qe4 44.R1a4 Bg7
45.c4 Be5 46.Ra7 Kg7 47.Rd7 Ra8 48.Raa7 Rxa7 49.Rxa7 Rh8 50.Qe2 Kg6 51.f3 Qb1
52.f4 Bf6 53.f5+ Kg7 54.Bxc5 h5 55.gxh5 dxc5  0-1

[Event "4th ZNG111 IM"]
[Site "Opatija CRO"]
[Date "2002.10.05"]
[Round "2"]
[White "Gombac,Jan"]
[Black "Armanda,I"]
[Result "1-0"]
[WhiteElo "2286"]
[BlackElo "2316"]

1.e4 d6 2.d4 Nf6 3.Nc3 e5 4.dxe5 dxe5 5.Qxd8+ Kxd8 6.Nf3 Bd6 7.Bc4 Be6 8.Bxe6 fxe6
9.b3 Nc6 10.Bb2 a6 11.Nd2 b5 12.f3 Nd4 13.Rc1 Rf8 14.Ne2 c5 15.c3 Nc6 16.Nf1 Ke7
17.Ne3 a5 18.Rd1 a4 19.Rd2 Bc7 20.Nc1 a3 21.Ba1 Nh5 22.Nd3 Bb6 23.Ng4 c4
24.bxc4 bxc4 25.Ndxe5 Nxe5 26.Nxe5 Nf6 27.Nxc4 Bc5 28.Ke2 Rab8 29.Rhd1 Kf7
30.Ne5+ Kg8 31.Nd7 Nxd7 32.Rxd7 Rfc8 33.c4 Bf8 34.Kd3 Rb6 35.Bd4 Rbc6 36.Rc1 g6
37.Rb1 Rxc4 38.Rbb7 Rc1 39.Rxh7 e5 40.Bxe5 Rd1+ 41.Ke2  1-0

[Event "4th ZNG111 IM"]
[Site "Opatija CRO"]
[Date "2002.10.07"]
[Round "5"]
[White "Zufic,M"]
[Black "Armanda,I"]
[Result "1-0"]
[WhiteElo "2321"]
[BlackElo "2316"]

1.e4 d6 2.d4 Nf6 3.Nc3 e5 4.dxe5 dxe5 5.Qxd8+ Kxd8 6.Bg5 Be6 7.O-O-O+ Nd7
8.f4 exf4 9.Nf3 Kc8 10.Bxf4 Bb4 11.Nb5 Ba5 12.Nbd4 Nxe4 13.Nxe6 fxe6 14.Bc4 Re8
15.Rhf1 c6 16.Ng5 Nxg5 17.Bxg5 Bc7 18.Rf7 Nf8 19.Rxg7 b5 20.Bd3 Kb7 21.Be4 e5
22.Rd6 Kb8 23.Rxc6 Bb6 24.Be7 Be3+ 25.Kd1 Rxe7 26.Rxe7  1-0

[Event "6th Final RUS Cup"]
[Site "Nefteyugansk RUS"]
[Date "2002.10.08"]
[Round "3"]
[White "Smirnov,P"]
[Black "Kazakov,P"]
[Result "1/2-1/2"]
[WhiteElo "2562"]
[BlackElo "2424"]

1.e4 d6 2.d4 Nf6 3.Nc3 e5 4.Nf3 Nbd7 5.Bc4 Be7 6.O-O O-O 7.Re1 exd4 8.Nxd4 Nb6
9.Bf1 c5 10.Nf5 Bxf5 11.exf5 d5 12.Qf3 d4 13.Ne4 Qd5 14.Bg5 Qc6 15.g3 Rfe8
16.Bxf6 Bxf6 17.Nxf6+ gxf6 18.Qg4+ Kh8 19.Bg2 Qd7 20.Qh4 Kg7 21.Qg4+ Kh8
22.Qh5 Nc4 23.g4 Rxe1+ 24.Rxe1 Re8 25.Rxe8+ Qxe8 26.Qh6 Qe1+ 27.Bf1 Kg8 28.Qxf6  1/2-1/2

[Event "3rd Autumn Open"]
[Site "Bad Wildbad GER"]
[Date "2002.10.11"]
[Round "8"]
[White "Zschorsch,P"]
[Black "Barthel,A"]
[Result "0-1"]
[WhiteElo "2128"]
[BlackElo "2246"]

1.e4 Nf6 2.Nc3 d6 3.d4 c6 4.Be2 Nbd7 5.h3 e5 6.Nf3 Be7 7.O-O O-O 8.Be3 b5
9.a3 Bb7 10.dxe5 dxe5 11.Bd3 Qc7 12.Qe2 a5 13.Nd2 Nc5 14.Bxc5 Bxc5 15.Nd1 g6
16.Ne3 Nh5 17.g3 Bc8 18.Kg2 Be6 19.Ng4 Rad8 20.Nf3 f6 21.Rad1 Rd7 22.Qd2 Rfd8
23.Qc1 Qc8 24.Be2 Rxd1 25.Rxd1 Rxd1 26.Bxd1 Bxg4 27.hxg4 Qxg4 28.Nh2 Qxe4+
29.Bf3 Qd4 30.Qe1 b4 31.c3 bxc3 32.bxc3 Qd6 33.a4 f5 34.Qe2 Nf6 35.Qc4+ Kg7
36.Nf1 e4 37.Be2 Nd5 38.Qb3 f4 39.Qb7+ Kh6 40.Bc4 f3+ 41.Kg1 e3 42.fxe3 Nxe3
43.Bg8 Nxf1+  0-1

[Event "TCh-SWE"]
[Site "Helsingborg SWE"]
[Date "2002.10.11"]
[Round "1"]
[White "Johansson,CF"]
[Black "Eriksson,Mag1"]
[Result "1/2-1/2"]
[WhiteElo "2225"]
[BlackElo "2322"]

1.d4 d6 2.e4 Nf6 3.Nc3 e5 4.Nf3 Nbd7 5.Bc4 Be7 6.Qe2 O-O 7.Bb3 c6 8.Bg5 b5
9.a3 Bb7 10.Rd1 Qc7 11.O-O a5 12.d5 b4 13.dxc6 Ba6 14.Nb5 Qxc6 15.a4 Nb6
16.c4 bxc3 17.Rc1 h6 18.Rxc3 Qd7 19.Be3 Rab8 20.Bxb6 Rxb6 21.Bc4 Bb7 22.Qe3 Bd8
23.Bd3 Rc6 24.Rxc6 Bxc6 25.h3 Re8 26.Rd1 d5 27.exd5 Nxd5 28.Qe4 Nf6 29.Qe2 e4
30.Bxe4 Bxb5 31.axb5 Qc8 32.Qc2 Qxc2 33.Bxc2 Bb6 34.Rd6 Re2 35.Rxb6 Rxc2
36.Rb8+ Kh7 37.b3 Ne4 38.b6 Rb2 39.b7 Rxb3 40.Re8 Rb1+ 41.Kh2 Rxb7 42.Rxe4 Rb2
43.Kg3 Ra2 44.Re7 Kg8 45.Ra7 Ra3 46.Kh2 Ra2 47.Ne5 Rxf2 48.Rxa5 h5 49.Nf3 g6
50.Ra7 Rf1 51.Ra2 Rb1 52.Kg3 Kg7 53.Rf2 Rb3 54.Kf4 Ra3 55.Nd4 Ra1 56.Ke5 Re1+
57.Re2 Rf1 58.Kd6 Rd1 59.Ke5 Rf1 60.Nc2 Rf6 61.Ne3 Re6+ 62.Kd4 Kg8 63.Rf2 Kg7
64.Nc4 Re7 65.Kd5 Ra7 66.Nd6 Rd7 67.Kc6 Re7 68.Nc8 Re1 69.Kd7 f5 70.Nd6 Kf6
71.Rc2 Rd1 72.Re2 Kg5 73.Ke6 Kf4 74.Nf7 Ra1 75.Ne5 Ra6+ 76.Kd5 Ra5+ 77.Kd4 Ra4+
78.Nc4 Kg3 79.Kd3 Ra1 80.Ne5 g5 81.Nf7 g4 82.Nh6 Ra5 83.hxg4 hxg4 84.Rc2  1/2-1/2

[Event "TCh-SWE"]
[Site "Helsingborg SWE"]
[Date "2002.10.11"]
[Round "1"]
[White "Eriksson,Jon SWE"]
[Black "Andersson,J"]
[Result "0-1"]
[WhiteElo "2278"]
[BlackElo "2148"]

1.d4 d6 2.e4 Nf6 3.Nc3 c6 4.g3 Nbd7 5.Bg2 e5 6.Nge2 Be7 7.h3 b5 8.a3 Bb7
9.O-O a5 10.d5 cxd5 11.Nxd5 Nxd5 12.exd5 O-O 13.g4 Rc8 14.Ng3 g6 15.Bh6 Re8
16.Qd2 Rc5 17.Be3 Rc8 18.Rfd1 Qc7 19.Rac1 Bd8 20.Bg5 Bxg5 21.Qxg5 f6 22.Qh6 Rf8
23.Be4 Nc5 24.b3 Qg7 25.Qxg7+ Kxg7 26.Kh2 Rc7 27.Bd3 Nxd3 28.Rxd3 Kf7 29.Ne4 Ke7
30.c4 bxc4 31.bxc4 f5 32.gxf5 gxf5 33.Ng3 e4 34.Rdc3 Rc5 35.Ne2 Rfc8 36.Nd4 Bxd5
37.Nxf5+ Ke6 38.cxd5+ Kxf5 39.Rxc5 Rxc5 40.Rd1 Ke5 41.Rg1 Kxd5 42.h4 Ke6
43.Rg7 h5 44.Kg3 Rf5 45.a4 d5 46.Rg6+ Kf7 47.Ra6 d4 48.Rd6 d3 49.Rd4 Rf3+
50.Kg2 Rf4 51.Kf1 Ke6 52.Ke1 Ke5 53.Rd8 Rxh4 54.Ra8 Rh1+ 55.Kd2 Rf1 56.Re8+ Kd4
57.Rd8+ Kc4 58.Rc8+ Kb4 59.Ke3 Re1+ 60.Kd4 d2  0-1

[Event "6th Final RUS Cup"]
[Site "Nefteyugansk RUS"]
[Date "2002.10.12"]
[Round "8"]
[White "Prokopchuk,E"]
[Black "Kazakov,P"]
[Result "1-0"]
[WhiteElo "2513"]
[BlackElo "2424"]

1.e4 d6 2.d4 Nf6 3.Nc3 e5 4.dxe5 dxe5 5.Qxd8+ Kxd8 6.Bg5 Be6 7.g3 h6 8.O-O-O+ Kc8
9.Bxf6 gxf6 10.f4 exf4 11.gxf4 c6 12.Nf3 Kc7 13.f5 Bd7 14.Bc4 Be8 15.e5 fxe5
16.Nxe5 Nd7 17.Nxd7 Bxd7 18.Rhf1 Bd6 19.Bxf7 Bxh2 20.Ne4 Rhf8 21.Bg6 b6 22.f6 Bg4
23.Rde1 Be5 24.f7 Rad8 25.c3 Bh3 26.Rf2 Rh8 27.Kc2 h5 28.Ng5 Bg3 29.Nxh3  1-0

[Event "6th Final RUS Cup"]
[Site "Nefteyugansk RUS"]
[Date "2002.10.12"]
[Round "9"]
[White "Ovetchkin,R"]
[Black "Prokopchuk,E"]
[Result "1-0"]
[WhiteElo "2573"]
[BlackElo "2513"]

1.e4 d6 2.d4 Nf6 3.Nc3 e5 4.Nf3 Nbd7 5.g3 Be7 6.Bg2 O-O 7.O-O c6 8.a4 a5
9.h3 Rb8 10.Be3 b5 11.axb5 cxb5 12.Nh4 g6 13.f4 b4 14.Na4 exf4 15.Bxf4 Nh5
16.Nf5 Nxf4 17.Nxe7+ Qxe7 18.gxf4 Ba6 19.Rf2 Nf6 20.e5 Nh5 21.exd6 Qxd6 22.Nc5 Rbd8
23.Qf3 Bc8 24.c3 Qc7 25.Qc6 Qe7 26.Qe4 Qc7 27.Qe5 Qa7 28.Ne4 a4 29.Qc5 Qxc5
30.dxc5 f5 31.Nd6 bxc3 32.Rxa4 cxb2 33.Rxb2 Nf6 34.Kh2 Be6 35.Rb7 Kh8 36.Raa7 Bg8
37.Bf3 Ne4 38.Bxe4 fxe4 39.Kg3 Rf6 40.Re7 Re6 41.Kf2 e3+ 42.Ke2 Rf8 43.Rxe6 Bxe6
44.Kxe3 Bxh3 45.c6 Rb8 46.f5 gxf5 47.Kf4 Rb4+ 48.Ke5 f4 49.Kf6 Rb8 50.Rg7 Be6
51.c7 Rc8 52.Rg1  1-0

[Event "TCh-CZE 2002-3"]
[Site "Czech Rep CZE"]
[Date "2002.10.13"]
[Round "2"]
[White "Swicarz,M"]
[Black "Priehoda,V"]
[Result "0-1"]
[WhiteElo "2309"]
[BlackElo "2418"]

1.e4 d6 2.d4 Nf6 3.Nc3 c6 4.Nf3 Bg4 5.Be2 e6 6.O-O Be7 7.Bg5 O-O 8.Qd3 d5
9.e5 Nfd7 10.Bxe7 Qxe7 11.Nd1 c5 12.c3 Nc6 13.Ne3 Bh5 14.Rad1 Rfc8 15.Ne1 cxd4
16.Bxh5 Ndxe5 17.Qe2 dxe3 18.Qxe3 b5 19.f4 Nc4 20.Qf2 Nd6 21.Nd3 a5 22.Kh1 b4
23.Qe1 bxc3 24.Qxc3 Nb4 25.Qe1 Nc2 26.Qe2 Ne4 27.Ne5 g6 28.Bf3 Nd6 29.Ng4 Nf5
30.Qe5 Qc7 31.Qe2 h5 32.Ne5 Nce3 33.g4 hxg4 34.Bxg4 Qc2 35.Rd2 Qe4+ 36.Bf3 Qxf4
37.Nd3 Qh6 38.Rg1 Nd4 39.Qf2 Nef5 40.Bg4 Qe3 41.Qg2 Nh4  0-1

[Event "TCh-CZE 2002-3"]
[Site "Czech Rep CZE"]
[Date "2002.10.13"]
[Round "2"]
[White "Rasik,V"]
[Black "Orsag,Mil1"]
[Result "1-0"]
[WhiteElo "2436"]
[BlackElo "2392"]

1.e4 d6 2.d4 Nf6 3.Nc3 e5 4.Nge2 Be7 5.f3 c6 6.Be3 O-O 7.g4 b5 8.Ng3 b4 9.Nce2 Nbd7
10.g5 Ne8 11.Qd2 d5 12.exd5 cxd5 13.Bg2 Bb7 14.O-O a5 15.f4 exd4 16.Nxd4 Nd6
17.Ndf5 Nxf5 18.Nxf5 Nc5 19.Bxd5 Qd7 20.Bxb7 Qxb7 21.Qd5  1-0

[Event "Essent Open"]
[Site "Hoogeveen NED"]
[Date "2002.10.13"]
[Round "3"]
[White "Willemsen,J"]
[Black "Meis,F"]
[Result "1-0"]
[WhiteElo "2263"]
[BlackElo "2113"]

1.e4 d6 2.d4 Nf6 3.Nc3 c6 4.f4 Qa5 5.Bd2 Qb6 6.e5 Nd5 7.Nxd5 cxd5 8.Bc3 Nc6
9.Nf3 Bg4 10.Be2 e6 11.a3 O-O-O 12.Qd2 Rd7 13.Rf1 h6 14.h3 Bxf3 15.Rxf3 g6
16.b4 a6 17.Rb1 Be7 18.b5 dxe5 19.fxe5 axb5 20.Rxb5 Qa7 21.Bb2 Bg5 22.Qd1 f6
23.exf6 Rf8 24.Rc5 Rxf6 25.Bb5 Rdf7 26.Bxc6 bxc6 27.Rxc6+ Kd7 28.Rcc3 Qa5
29.Kf2 Qa7 30.Kg1 e5 31.Rxf6 Rxf6 32.Rc5 Qa6 33.Rxd5+ Kc7 34.Rxe5 Bh4 35.c4 Bg3
36.Rc5+ Kd8 37.Rd5+ Kc7 38.Qg4 Rf1+ 39.Kxf1 Qxc4+ 40.Kg1  1-0

[Event "Essent Open"]
[Site "Hoogeveen NED"]
[Date "2002.10.14"]
[Round "4"]
[White "Van Beers,E"]
[Black "Markus,J"]
[Result "1/2-1/2"]
[WhiteElo "2331"]
[BlackElo "2243"]

1.e4 d6 2.d4 Nf6 3.Nc3 Nbd7 4.f4 e5 5.Nf3 exd4 6.Qxd4 c6 7.e5 dxe5 8.fxe5 Bc5
9.Qf4 Qe7 10.Be2 Nd5 11.Nxd5 cxd5 12.Bd2 O-O 13.Bc3 f6 14.Qh4  1/2-1/2

[Event "19th Muensterland Open"]
[Site "Senden GER"]
[Date "2002.10.14"]
[Round "5"]
[White "Landa,K"]
[Black "Kasparov,S"]
[Result "1-0"]
[WhiteElo "2632"]
[BlackElo "2439"]

1.e4 d6 2.d4 Nf6 3.Nc3 e5 4.Nf3 Nbd7 5.Bc4 Be7 6.O-O O-O 7.Re1 c6 8.a4 b6
9.d5 cxd5 10.Bxd5 Nxd5 11.Nxd5 Bb7 12.b3 Nf6 13.Nxf6+ Bxf6 14.c4 Qc7 15.Qd3 Bc6
16.Be3 Rfd8 17.Nd2 Qb7 18.f3 a6 19.Nf1 Be7 20.Red1 b5 21.a5 Rdc8 22.Bb6 bxc4
23.bxc4 Bd7 24.Ne3 Be6 25.Nd5 Bg5 26.g3 Bxd5 27.cxd5 g6 28.Kg2 h5 29.h4 Bd8
30.Rdb1 Qd7 31.Rc1 Kg7 32.Rxc8 Rxc8 33.Ra2 Qb7 34.Rc2 Bxb6 35.Rb2 Rc5 36.axb6 Rc1
37.Qe3 Rc5 38.Qa3 Kg8 39.Qa4 Kg7 40.Qc6 Qb8 41.b7 a5 42.Qa6  1-0

[Event "Essent Open"]
[Site "Hoogeveen NED"]
[Date "2002.10.15"]
[Round "5"]
[White "Berendsen,R"]
[Black "Meis,F"]
[Result "1-0"]
[WhiteElo "2249"]
[BlackElo "2113"]

1.e4 d6 2.d4 Nf6 3.Nc3 c6 4.f3 Nbd7 5.Be3 e5 6.Qd2 b5 7.Nge2 Bb7 8.Ng3 a6
9.dxe5 dxe5 10.Nf5 Qc7 11.O-O-O O-O-O 12.Nd6+ Bxd6 13.Qxd6 Qxd6 14.Rxd6 Kc7
15.Rd1 Rhe8 16.Nb1 Nf8 17.Nd2 Ne6 18.c3 Nd7 19.Nb3 Nb6 20.h4 Rxd1+ 21.Kxd1 Bc8
22.g3 Bb7 23.Rh2 Rd8+ 24.Ke1 Nd7 25.Bh3 Re8 26.Rc2 Nb6 27.Bf1 Nd7 28.c4 Kb8
29.Rd2 Kc7 30.Na5 Bc8 31.cxb5 cxb5 32.Ba7 g6 33.Bh3 h5 34.Kf2 Kd8 35.Nc6+ Kc7
36.Na5 Kd8 37.Be3 Kc7 38.Rc2+ Kd6 39.Rd2+ Kc7 40.Rc2+ Kd6 41.Rc6+ Ke7 42.Bxe6 fxe6
43.Bg5+ Kf8 44.Rc7 Kg8 45.Nc6  1-0

[Event "TCh-FIN 2002-3"]
[Site "Finland FIN"]
[Date "2002.10.20"]
[Round "3"]
[White "Rytshagov,M"]
[Black "Kiik,K"]
[Result "1/2-1/2"]
[WhiteElo "2503"]
[BlackElo "2450"]

1.e4 d6 2.d4 Nf6 3.Nc3 c6 4.f4 Qa5 5.e5 Ne4 6.Qf3 d5 7.Bd3 Na6 8.Ne2 Nb4
9.O-O Nxd3 10.cxd3 Nxc3 11.bxc3 g6 12.a4 h5 13.h3 h4 14.Ba3 Bf5 15.Bb4 Qa6
16.Rfd1 e6 17.Bxf8 Kxf8 18.a5 Rc8 19.Qe3 Kg7 20.Kf2 b6 21.axb6  1/2-1/2

[Event "Guernsey Open"]
[Site "Les Dicqs GCI"]
[Date "2002.10.23"]
[Round "4"]
[White "Ruston,M"]
[Black "Kirkwood,R"]
[Result "1-0"]
[WhiteElo "2065"]
[BlackElo "2063"]

1.e4 d6 2.d4 Nf6 3.Nc3 c6 4.f4 Qa5 5.Bd3 e5 6.Nf3 Bg4 7.dxe5 dxe5 8.fxe5 Nfd7
9.e6 fxe6 10.h3 Bxf3 11.Qxf3 Ne5 12.Qg3 Nbd7 13.Bd2 Qd8 14.O-O-O Nxd3+ 15.Qxd3 Qc7
16.Rhf1 e5 17.Qc4 Nf6 18.Nd5 Nxd5 19.exd5 Bd6 20.dxc6 bxc6 21.Ba5 Qd7 22.Rxd6  1-0

[Event "10th Chigorin Mem B"]
[Site "St Petersburg RUS"]
[Date "2002.10.25"]
[Round "1"]
[White "Sepman,Y"]
[Black "Fateev,V"]
[Result "1-0"]
[WhiteElo "2312"]
[BlackElo "2139"]

1.e4 d6 2.d4 Nf6 3.Nc3 e5 4.Nge2 Be7 5.g3 O-O 6.Bg2 c6 7.a4 a5 8.O-O Be6
9.h3 Bc4 10.b3 exd4 11.Qxd4 Bxe2 12.Nxe2 d5 13.exd5 Nxd5 14.Bxd5 Qxd5 15.Bb2 Qxd4
16.Bxd4 Nd7 17.Rad1 Bf6 18.Kg2 Rfe8 19.Nf4 b5 20.Bxf6 Nxf6 21.Rd6 Rac8 22.Rfd1 Kf8
23.Kf3 Ke7 24.R6d4 Red8 25.Re1+ Kf8 26.Rxd8+ Rxd8 27.Ra1 b4 28.Nd3 Rd5 29.Re1 Nd7
30.Ke3 Ke7 31.f4 Rd6 32.Kf3+ Kd8 33.g4 Rd5 34.Re4 Nc5 35.Re3 Nxd3 36.Rxd3 Rxd3+
37.cxd3 Kc7 38.Ke4 f6 39.Kd4 Kd6 40.f5 g5 41.fxg6 hxg6 42.h4 f5 43.gxf5 gxf5
44.h5 Ke6 45.Ke3 c5 46.Kf4 Kf6 47.h6 Kg6 48.h7 Kxh7 49.Kxf5 Kg7 50.Ke6 Kg6
51.Kd5 Kf5 52.Kxc5 Ke5 53.d4+ Ke6 54.Kc6  1-0

[Event "Before Thunder Storm"]
[Site "Tel Aviv ISR"]
[Date "2002.10.25"]
[Round "6"]
[White "Bykhovsky,Av"]
[Black "Kudischewitsch,D"]
[Result "1/2-1/2"]
[WhiteElo "2481"]
[BlackElo "2384"]

1.d4 d6 2.e4 Nf6 3.Nc3 e5 4.dxe5 dxe5 5.Qxd8+ Kxd8 6.Bc4 Ke8 7.f3 c6 8.Be3 Nbd7
9.Nge2 Bc5 10.Bxc5 Nxc5 11.Kf2 Be6 12.Bxe6 Nxe6 13.Ke3 Ke7 14.Rhd1 Rhd8 15.Rxd8 Rxd8
16.Rd1 Rxd1 17.Nxd1 Nd7 18.Nf2 f6 19.Nd3 Nec5 20.Nxc5 Nxc5  1/2-1/2

[Event "Blue Autumn"]
[Site "Bucharest ROM"]
[Date "2002.10.26"]
[Round "4"]
[White "Vasiesiu,D"]
[Black "Moldovan,D"]
[Result "1/2-1/2"]
[WhiteElo "2435"]
[BlackElo "2460"]

1.e4 d6 2.d4 Nf6 3.Nc3 e5 4.Nf3 Nbd7 5.Bc4 Be7 6.O-O O-O 7.a4 c6 8.Re1 b6
9.d5 c5 10.a5 bxa5 11.Nd2 Nb6 12.Bb5 Bg4 13.f3 Bd7 14.Qe2 Nh5 15.Bxd7 Qxd7
16.Qb5 Qd8 17.Nb3 Bg5 18.Nxa5 Bxc1 19.Rexc1 Qg5 20.Qf1 Nf4 21.Nb5 Rad8 22.c4 Rd7
23.Kh1 f5 24.Nc3  1/2-1/2

[Event "Olympiad w"]
[Site "Bled SLO"]
[Date "2002.10.28"]
[Round "3"]
[White "Skripchenko,A"]
[Black "Vijayalakshmi,S"]
[Result "1/2-1/2"]
[WhiteElo "2497"]
[BlackElo "2394"]

1.e4 d6 2.d4 Nf6 3.Nc3 e5 4.Nf3 Nbd7 5.Bc4 Be7 6.O-O O-O 7.Qe2 c6 8.a4 exd4
9.Nxd4 Ne5 10.Bb3 Re8 11.h3 Bf8 12.Be3 Ned7 13.f3 Nc5 14.Ba2 d5 15.exd5 Nxd5
16.Bxd5 cxd5 17.Qf2 Be7 18.Rfd1 Bh4 19.Qd2 Na6 20.Bf4 Be6 21.Ncb5 Qf6 22.Kh1 Qg6
23.c3 Bf6 24.b4 Qh5 25.Re1 Bd7 26.Rxe8+ Rxe8 27.Nd6 Re7 28.Re1 Rxe1+ 29.Qxe1 h6
30.Nxb7 Bxh3 31.Kg1 Qg6 32.Qg3 Qxg3 33.Bxg3 Bc8 34.Nd6 Bd7 35.N6b5 Nxb4 36.cxb4 a6
37.Bd6 g5 38.Kf2 axb5 39.Nxb5 Bb2 40.Ke3 f5 41.Na7 Bxa4 42.b5 f4+ 43.Kd3 Bb3
44.Bc5 Bc4+ 45.Kc2 Bf6 46.b6 Ba6 47.Nc6 Kf7 48.Na5 Ke6 49.b7 Be5 50.Ba7 Kd7
51.Kd2 Bf1 52.b8=Q Bxb8 53.Bxb8 Bxg2 54.Ke2 Bh3 55.Nb3 g4 56.Bxf4 gxf3+ 57.Kxf3 h5
58.Nd4 Ke7 59.Bg5+ Kd6 60.Kf4 Bg4  1/2-1/2

[Event "Olympiad"]
[Site "Bled SLO"]
[Date "2002.10.29"]
[Round "4"]
[White "Nijboer,F"]
[Black "Stojanovski,D"]
[Result "1-0"]
[WhiteElo "2556"]
[BlackElo "2431"]

1.e4 d6 2.d4 Nf6 3.Nc3 e5 4.Nf3 Nbd7 5.Bc4 Be7 6.O-O O-O 7.Re1 c6 8.a4 a5
9.h3 h6 10.Ba2 Nh7 11.Be3 Ng5 12.Nh2 Nf6 13.Qd3 Ne6 14.d5 Nf4 15.Bxf4 exf4
16.Ne2 Qb6 17.c3 g5 18.dxc6 bxc6 19.e5 dxe5 20.Qg6+ Kh8 21.Qxh6+ Nh7 22.Nxf4 Rg8
23.Bb1 f5 24.Ng6+ Rxg6 25.Qxg6 e4 26.Ng4  1-0

[Event "Olympiad w"]
[Site "Bled SLO"]
[Date "2002.10.30"]
[Round "5"]
[White "Khaziyeva,D"]
[Black "Varniene,R"]
[Result "1-0"]
[WhiteElo "2102"]
[BlackElo "2160"]

1.e4 d6 2.d4 Nf6 3.Nc3 e5 4.dxe5 dxe5 5.Qxd8+ Kxd8 6.Bc4 Be6 7.Bxe6 fxe6
8.f3 a6 9.Be3 Bd6 10.Nh3 Nbd7 11.O-O-O b5 12.Nf2 Ke7 13.Nd3 h6 14.Rd2 Rhb8
15.Rhd1 Nb6 16.b3 Ba3+ 17.Kb1 Nc4 18.Re2 Nxe3 19.Rxe3 Nd7 20.Ne2 c5 21.f4 exf4
22.Nexf4 c4 23.Ne1 Ne5 24.Nf3 Rd8 25.Nd4 Bc5 26.Nfxe6 Rd6 27.Nxc5  1-0

[Event "Olympiad"]
[Site "Bled SLO"]
[Date "2002.10.30"]
[Round "5"]
[White "Damaso,R"]
[Black "Mossong,H"]
[Result "1-0"]
[WhiteElo "2427"]
[BlackElo "2200"]

1.d4 d6 2.e4 Nf6 3.Nc3 c6 4.f4 Qa5 5.Bd3 e5 6.Nf3 Bg4 7.Be3 Nbd7 8.O-O Be7
9.Kh1 Rd8 10.Qe1 a6 11.a4 h6 12.b4 Qc7 13.b5 axb5 14.axb5 O-O 15.bxc6 bxc6
16.Qg3 Bxf3 17.Qxf3 Ra8 18.Ne2 Ra5 19.Ng3 Rfa8 20.Rad1 Bf8 21.Nf5 Re8 22.Qg3 Kh8
23.Qh3 Kh7 24.fxe5 dxe5 25.Bc4 exd4 26.Bxd4 Ne5 27.Nxh6 gxh6 28.Qf5+ Kh8
29.Qxf6+ Bg7 30.Qf4 Qe7 31.Bb3 Qg5 32.Qxg5 hxg5 33.Bc3 Ra7 34.Rf5 f6 35.h4 Bh6
36.Rxf6  1-0

[Event "Olympiad w"]
[Site "Bled SLO"]
[Date "2002.10.30"]
[Round "5"]
[White "Siti,Z"]
[Black "Mira,H"]
[Result "0-1"]
[WhiteElo "2019"]
[BlackElo "2129"]

1.e4 d6 2.d4 Nf6 3.Nc3 c6 4.f4 Qa5 5.Bd3 e5 6.Nf3 Bg4 7.dxe5 dxe5 8.fxe5 Nfd7
9.e6 fxe6 10.O-O Ne5 11.Be2 Bxf3 12.Bxf3 Nbd7 13.Kh1 O-O-O 14.Qe2 Bd6 15.Be3 h5
16.a3 Kb8 17.b4 Qc7 18.b5 Nxf3 19.gxf3 Be5 20.Bd2 Nb6 21.f4 Bd4 22.Rab1 cxb5
23.Nxb5 Qc4 24.Qxc4 Nxc4 25.Bc1 Bc5 26.a4 Nd2 27.Bxd2 Rxd2 28.Rfd1 Rhd8 29.Nc3 Be3
30.f5 exf5 31.exf5 Bf4 32.h3 Be5 33.Rxd2 Rxd2 34.Nb5 Rxc2 35.Re1 Rc5 36.Rd1 a6
37.Rd8+ Rc8 38.Rxc8+ Kxc8 39.Na3 Kc7 40.Kg2 Kc6 41.Kf3 Kc5 42.Ke4 Bf6 43.Nc2 Kc4
44.Ne3+ Kb4 45.Nd5+ Kxa4 46.Nxf6 gxf6 47.Kd5 b5 48.Ke6 b4 49.Kxf6 b3 50.Kg7 b2
51.f6 b1=Q 52.f7 Qb2+ 53.Kg8 Qg2+ 54.Kh8 Qf3  0-1